Current therapy in Oral & Maxillofacial Surgery (Record no. 26876)

MARC details
000 -LEADER
fixed length control field 00353nam a22001457a 4500
003 - CONTROL NUMBER IDENTIFIER
control field SGT
020 ## - INTERNATIONAL STANDARD BOOK NUMBER
International Standard Book Number 9781416025276
082 ## - DEWEY DECIMAL CLASSIFICATION NUMBER
Classification number 617.522
Item number C12B
100 ## - MAIN ENTRY--PERSONAL NAME
Personal name Bagheri, Shahrokh C.
245 ## - TITLE STATEMENT
Title Current therapy in Oral & Maxillofacial Surgery
260 ## - PUBLICATION, DISTRIBUTION, ETC. (IMPRINT)
Name of publisher, distributor, etc Springer
Year of Publication 2021
300 ## - PAGE DESCRIPTION
No. of Pages 1114
650 ## - SUBJECT ADDED ENTRY--TOPICAL TERM
Topical term or geographic name as entry element Oral & Maxillofacial Surgery
942 ## - ADDED ENTRY ELEMENTS (KOHA)
Source of classification or shelving scheme Dewey Decimal Classification
Koha item type Books
Holdings
Withdrawn status Lost status Source of classification or shelving scheme Damaged status Use restrictions Not for loan Home library Current library Shelving location Date acquired Vendor Name Cost, normal purchase price SGTU Bill Number Total Checkouts Full call number Accession No. (Barcode) Date last seen Bill Date Koha item type
    Dewey Decimal Classification   Restricted Access Not For Loan SGT Dental Library SGT Dental Library Reference Book 06/09/2024 Ahuja Book Co. Pvt. Ltd. 17772.00 SGTU 19385   617.522 C12B FD9536 06/09/2024   Books